Countries With Less Than 50,000 People - Statistics

General Stats
  • This quiz has been taken 72 times
  • The average score is 6 of 7
Answer Stats
Pop. Country % Correct
801 Vatican City
100%
39,242 Monaco
88%
33,931 San Marino
88%
10,824 Nauru
85%
38,128 Liechtenstein
82%
18,094 Palau
82%
11,792 Tuvalu
81%
No matching quizzes found
Score Distribution
Percent of People with Each Score
Percentile by Number Answered
Your Score History
You have not taken this quiz